The Court of Appeal (Record no. 619414)

MARC details
000 -LEADER
fixed length control field 00515nam a2200193 a 4500
008 - FIXED-LENGTH DATA ELEMENTS--GENERAL INFORMATION
fixed length control field 260416s2026##################000#0#eng##
020 ## - INTERNATIONAL STANDARD BOOK NUMBER
ISBN 9781841133874
Paper back/Hardbound hbk
041 ## - LANGUAGE CODE
Language code of text/sound track or separate title eng
082 04 - DEWEY DECIMAL CLASSIFICATION NUMBER
Classification number 347.4203 DRE
100 ## - MAIN ENTRY--AUTHOR NAME
Personal name Drewry,Gavin
245 10 - TITLE STATEMENT
Title The Court of Appeal
Statement of responsibility, etc Gavin Drewry
260 ## - PUBLICATION, DISTRIBUTION, ETC. (IMPRINT)
Place of publication North America
Name of publisher Hart Publishing
Year of publication 2007
300 ## - PHYSICAL DESCRIPTION
Number of Pages 196p. :
Dimensions 22cm.
650 ## - SUBJECT ADDED ENTRY--TOPICAL TERM
Topical Term Civil procedure & courts
700 ## - ADDED ENTRY--PERSONAL NAME
Personal name Louis Blom-Cooper
Personal name Charles Blake
942 ## - ADDED ENTRY ELEMENTS (KOHA)
Koha item type English Books
Holdings
Withdrawn status Lost status Damaged status Not for loan Home library Current library Shelving location Date acquired Full call number Accession Number Price effective from Koha item type
        Anna Centenary Library Anna Centenary Library 4TH FLOOR, A WING 16.04.2026 347.4203 DRE 381028 16.04.2026 English Books

Find us on the map